000 00797nam a2200241Ia 4500
003 OSt
005 20220926012659.0
006 a|||||r|||| 00| 0
007 ta
008 220923b |||||||| |||| 00| 0 eng d
020 _a0029194415
_c855.23000000000002
037 _b26407, 20/10/2008, Segment Book Distrobutors
_cGeneral Book
040 _aRTL
_cRTL
_beng
041 _2eng
_aeng
082 _aY7.73, N5
100 _aLoury Glenn C.
245 0 _aOne by one from the inside out
_b Essays and reviews on race and responsibilities in America
260 _aNew York
_bFree Press
_c1995
300 _aix, 332p
_ccm.
650 _aEconomics
942 _hY7.73, N5
_cGB
_2CC
999 _c624001
_d624001